| 000 | 01108nam a22003017a 4500 | ||
|---|---|---|---|
| 999 |
_c936 _d936 |
||
| 001 | 000307 | ||
| 003 | CoMeUDC000307 | ||
| 005 | 20190122212645.0 | ||
| 008 | 130821s2000 ck gr spa | ||
| 020 | _a9581104313 | ||
| 040 |
_aCo-BoUCM _bspa _cCoMeUDC |
||
| 041 | 0 | 0 | _aspa |
| 060 | 0 | 4 | _a370.71 |
| 082 |
_a378.12 _bI12 |
||
| 100 | 1 | _aIbarra Russi, Oscar Armando | |
| 245 | 1 | 0 |
_aFormación de profesores de la educación superior programa nacional / _cOscar Armando Ibarra Russi, Elba Martínez de Dueri, Martha Vargas de Abella. |
| 260 |
_aBogotá (Colombia) : _bICFES, _c2000. |
||
| 300 | _a187 páginas ; | ||
| 504 | _aIncluye bibliografía y anexos. | ||
| 650 | 0 | 4 |
_aCapacitación docente _zColombia _910444 |
| 650 | 0 | 4 |
_aEducación superior _9177 |
| 650 | 0 | 4 |
_aEducación superior _zColombia _9177 |
| 650 | 0 | 4 |
_aFormación profesional de maestros _zColombia _916049 |
| 700 | 1 | _aMartínez de Dueri, Alba | |
| 700 | 1 | _aVargas de Abella, Martha | |
| 710 | 1 | _aInstituto Colombiano para el Fomento de La Educación Superior. ICFES | |
| 942 |
_cBK _a1 _e1 _mI12f _2ddc _h370.71 _n1 |
||